All Countries (with no map) - Statistics

General Stats
  • This quiz has been taken 30 times
    17 since last reset
  • The average score is 125 of 198
Answer Stats
Continent Countries % Correct
Europe Andorra
86%
Europe Russia
86%
Asia Afghanistan
79%
Europe Albania
79%
Africa Angola
79%
South America Argentina
79%
Oceania Australia
79%
Europe Austria
79%
North America Canada
79%
Asia China
79%
North America United States of America
79%
North America Bahamas
71%
Asia Bahrain
71%
North America Barbados
71%
South America Bolivia
71%
South America Brazil
71%
Europe Croatia
71%
Europe Denmark
71%
North America Dominican Republic
71%
Europe Finland
71%
Europe France
71%
Europe Germany
71%
Europe Greece
71%
North America Honduras
71%
Asia India
71%
Europe Ireland
71%
Asia Japan
71%
North America Mexico
71%
Oceania New Zealand
71%
Asia North Korea
71%
Europe Norway
71%
Africa South Africa
71%
Asia South Korea
71%
Europe Spain
71%
Europe Sweden
71%
Europe Switzerland
71%
Europe Ukraine
71%
Europe United Kingdom
71%
Europe Vatican City
71%
Africa Algeria
64%
North America Antigua and Barbuda
64%
Asia Armenia
64%
Asia Azerbaijan
64%
Europe Belarus
64%
Europe Belgium
64%
Asia Bhutan
64%
Europe Bosnia and Herzegovina
64%
Asia Brunei
64%
Asia Cambodia
64%
Africa Chad
64%
South America Chile
64%
South America Colombia
64%
North America Cuba
64%
Europe Czechia
64%
Africa Djibouti
64%
North America Dominica
64%
South America Ecuador
64%
North America El Salvador
64%
Europe Estonia
64%
Oceania Fiji
64%
Asia Georgia
64%
Africa Ghana
64%
North America Guatemala
64%
South America Guyana
64%
North America Haiti
64%
Europe Hungary
64%
Europe Iceland
64%
Asia Indonesia
64%
Asia Iran
64%
Asia Iraq
64%
Europe Italy
64%
Asia Jordan
64%
Asia Kazakhstan
64%
Africa Kenya
64%
Europe Kosovo
64%
Asia Laos
64%
Europe Latvia
64%
Africa Liberia
64%
Africa Libya
64%
Europe Lithuania
64%
Europe Luxembourg
64%
Asia Malaysia
64%
Europe Malta
64%
Oceania Micronesia
64%
Europe Monaco
64%
Asia Mongolia
64%
Africa Morocco
64%
Asia Myanmar
64%
Asia Nepal
64%
Europe Netherlands
64%
North America Nicaragua
64%
Africa Niger
64%
Africa Nigeria
64%
Europe North Macedonia
64%
Asia Oman
64%
Asia Pakistan
64%
North America Panama
64%
Oceania Papua New Guinea
64%
South America Paraguay
64%
South America Peru
64%
Asia Philippines
64%
Europe Poland
64%
Europe Portugal
64%
Asia Qatar
64%
Europe Romania
64%
Oceania Samoa
64%
Europe San Marino
64%
Asia Saudi Arabia
64%
Europe Serbia
64%
Africa Seychelles
64%
Africa Somalia
64%
Africa South Sudan
64%
Africa Sudan
64%
Asia Taiwan
64%
Asia Thailand
64%
Africa Tunisia
64%
Asia | Europe Turkey
64%
Asia Turkmenistan
64%
Asia United Arab Emirates
64%
South America Uruguay
64%
Asia Uzbekistan
64%
South America Venezuela
64%
Asia Vietnam
64%
Asia Yemen
64%
Africa Zambia
64%
Africa Zimbabwe
64%
North America Belize
57%
Africa Benin
57%
Africa Botswana
57%
Africa Burkina Faso
57%
Africa Burundi
57%
Africa Cabo Verde
57%
Africa Cameroon
57%
Africa Central African Republic
57%
Africa Comoros
57%
North America Costa Rica
57%
Africa Egypt
57%
Africa Equatorial Guinea
57%
Africa Eritrea
57%
Africa Eswatini
57%
Africa Ethiopia
57%
Africa Gabon
57%
North America Grenada
57%
Africa Guinea
57%
Africa Guinea-Bissau
57%
Asia Israel
57%
North America Jamaica
57%
Asia Kuwait
57%
Asia Kyrgyzstan
57%
Asia Lebanon
57%
Africa Lesotho
57%
Europe Liechtenstein
57%
Africa Madagascar
57%
Africa Malawi
57%
Africa Mali
57%
Oceania Marshall Islands
57%
Africa Mauritania
57%
Africa Mauritius
57%
Europe Montenegro
57%
Africa Namibia
57%
Oceania Nauru
57%
Oceania Palau
57%
Africa Rwanda
57%
North America Saint Kitts and Nevis
57%
North America Saint Lucia
57%
North America Saint Vincent and the Grenadines
57%
Africa Sao Tome and Principe
57%
Africa Sierra Leone
57%
Asia Singapore
57%
Europe Slovakia
57%
Europe Slovenia
57%
Oceania Solomon Islands
57%
South America Suriname
57%
Asia Syria
57%
Asia Tajikistan
57%
Africa Tanzania
57%
Africa Togo
57%
Oceania Tonga
57%
North America Trinidad and Tobago
57%
Africa Uganda
57%
Oceania Vanuatu
57%
Europe Bulgaria
50%
Africa Cote d'Ivoire
50%
Asia | Europe Cyprus
50%
Africa Democratic Republic of the Congo
50%
Africa Gambia
50%
Oceania Kiribati
50%
Asia Maldives
50%
Europe Moldova
50%
Africa Mozambique
50%
Africa Senegal
50%
Asia Timor-Leste
50%
Oceania Tuvalu
50%
Asia Bangladesh
43%
Asia Palestine
43%
Africa Republic of the Congo
36%
No matching quizzes found
Score Distribution
Percent of People with Each Score
Percentile by Number Answered
Your Score History
You have not taken this quiz since the last reset